000 00492cam a22001812 4500
001 0000000945
005 20170406113015.0
008 131121s xx 000 0 eng d
020 _c$
040 _aYour Holding Symbol
_cYour Holding Symbol
100 1 _aCooke,S.J. Bernard.
245 1 0 _aChristan sacraments and christian personality.
250 _a ed.
260 _anew york :
_bHolt,
_c1965.
300 _a181 p. ;
_c cm.
650 0 _atheology.
908 _a131121
999 _c864
_d864